Southville International School and Colleges
Your cart is empty.
  • Cart
  • Lists
    Public lists Eva Luna New books Lux_list list_1
    Your lists Log in to create your own lists
  • Log in to your account
  • Your cookies
  • Search history
Southville International School and Colleges
  • Advanced search
  • Recent comments
  • Most popular
  • Libraries

Log in to your account

Log in with GOOGLE


If you do not have an external account, but do have a local account, you can still log in:

  1. Home
  2. MARC view: Organizational behavior and management /
Normal view MARC view ISBD view

Organizational behavior and management / (Record no. 23356)

[ view plain ]
MARC details
000 -LEADER
fixed length control field 00647nam a2200229 a 4500
005 - DATE AND TIME OF LATEST TRANSACTION
control field 20140310183449.0
008 - FIXED-LENGTH DATA ELEMENTS--GENERAL INFORMATION
fixed length control field 090116s19uu xx 00 eng d
020 ## - INTERNATIONAL STANDARD BOOK NUMBER
International Standard Book Number 9780071265850
050 ## - LIBRARY OF CONGRESS CALL NUMBER
Classification number HD 58.7
Item number .Iv89 2008
100 ## - MAIN ENTRY--PERSONAL NAME
Personal name Ivancevich, John M.
245 ## - TITLE STATEMENT
Title Organizational behavior and management /
Statement of responsibility, etc John M. Ivancevich
250 ## - EDITION STATEMENT
Edition statement 8th ed.
260 ## - PUBLICATION, DISTRIBUTION, ETC. (IMPRINT)
Place of publication, distribution, etc Boston :
Name of publisher, distributor, etc McGraw-Hill,
Date of publication, distribution, etc 2008.
300 ## - PHYSICAL DESCRIPTION
Extent 606 p. :
Other physical details ill. (some col.) ;
Dimensions 24 cm.
521 ## - TARGET AUDIENCE NOTE
Target audience note
650 ## - SUBJECT ADDED ENTRY--TOPICAL TERM
Topical term or geographic name as entry element BSBA.
650 ## - SUBJECT ADDED ENTRY--TOPICAL TERM
Topical term or geographic name as entry element Organizational behavior.
700 ## - ADDED ENTRY--PERSONAL NAME
Personal name Konopaske, Robert
700 ## - ADDED ENTRY--PERSONAL NAME
Personal name Metteson, Michael T.
942 ## - ADDED ENTRY ELEMENTS (KOHA)
Koha item type Books
Source of classification or shelving scheme Library of Congress Classification
Call number prefix Foreign
Holdings
Withdrawn status Lost status Source of classification or shelving scheme Damaged status Home library Current library Shelving location Date acquired Source of acquisition Total Checkouts Full call number Barcode Date last seen Date checked out Copy number Price effective from Koha item type
    Library of Congress Classification   College Library College Library General Circulation Section 01/16/2009 Donation 1 HD 58.7 .Iv89 2008 C10026 05/15/2018 02/23/2015 1 10/18/2013 Books

Organizational behavior and management /

APA

Ivancevich J. M., Konopaske R. & Metteson M. T. (2008). Organizational behavior and management. Boston: McGraw-Hill.

Chicago

Ivancevich John M, Konopaske Robert and Metteson Michael T. 2008. Organizational behavior and management. Boston: McGraw-Hill.

Harvard

Ivancevich J. M., Konopaske R. and Metteson M. T. (2008). Organizational behavior and management. Boston: McGraw-Hill.

MLA

Ivancevich John M, Konopaske Robert and Metteson Michael T. Organizational behavior and management. Boston: McGraw-Hill. 2008.

  • Place hold
  • Print
  • Cite
  • Add to your cart (remove)
  • Save record
    BIBTEX Dublin Core MARCXML MARC (non-Unicode/MARC-8) MARC (Unicode/UTF-8) MARC (Unicode/UTF-8, Standard) MODS (XML) RIS
  • More searches
    Search for this title in:
    Other Libraries (WorldCat) Other Databases (Google Scholar) Online Stores (Bookfinder.com) Open Library (openlibrary.org)

Exporting to Dublin Core...

SOUTHVILLE LIBRARY

Southville International School and Colleges Library

1281 Tropical Ave. Cor. Luxembourg St., BF Homes International, Las Pinas City

Tel. No. 8256374 / 252358 Loc. 117/146

Powered by Koha